00545nam a22002057a 450000500170000001000130001702000100003003500130004003700160005304000120006908200170008110000220009824500470012025000110016726000400017827000430021830000250026165000220028665000310030820170124110238.0 aA-740247 c00.00 aA-740247 bCen Lib/Ret aDPLbEN a301.353bNAI aNair, C. Sankaran aGandhi and anarchy /cby C. Sankaran Nair  a2nd ed aNew DelhibMittal Publicationc1995 aA-110, Moahn GradenbNew Delhie110059 axiv, 262p.c22cm(Hb) aPolitical science aPolitical and social views